000 00672nam a2200157 a 4500
008 160428s2008 ||||||||||||||||| || u
020 _a9780444530868
050 _aQP 981 Flo
245 0 0 _aFluorine and health: molecular imaging, biomedical materials and pharmaceuticals
_cEdited by Alain, Tressaud [and] Gunter Haufe.
260 _aAmsterdam
_bElsevier
_c2008
300 _axiv, 792p.: ill.
350 _a460.00
650 _aFLUORINE-- PHYSIOLOGICAL EFFECT
650 _aFLUORINE-- TOXICOLOGY
995 _aMEDICAL LIBRARY OPEN ACCESS
_e903636
_FCBU-SCHOOL OF MEDICINE LIBRARY (Ndola)
_jQP 981 Flo
_M1
_UAVAILABLE
_WMay 3, 2016
_y903636
_ZMedical Library Open Access Collection
999 _c31457
_d31457